[Event "Red Bull Chess Masters 2018"]
[Site "Istanbul"]
[Date "2018.10.20"]
[Round "1.2"]
[White "Tofan, Ibrahim"]
[Black "Atas, Yunus"]
[Result "1-0"]
[WhiteElo "2070"]
[BlackElo "1921"]
[Annotator "NA RC"]
[PlyCount "81"]
[EventDate "2018.10.19"]
[EventType "team-tourn"]
[EventCountry "TUR"]
[SourceTitle "playchess.com"]
[Source "ChessBase"]
[SourceQuality "1"]
[TimeControl "600+5"]

1. e4 {[%emt 0:00:05]} c6 {[%emt 0:00:05]} 2. Nc3 {[%emt 0:00:05]} d5 {[%emt 0:00:05]} 3. Nf3 {[%emt 0:00:04]} Bg4 {[%emt 0:00:03]} 4. h3 {[%emt 0:00:05]} Bh5 {[%emt 0:00:05]} 5. exd5 {[%emt 0:00:05]} cxd5 {[%emt 0:00:01]} 6. Bb5+ {[%emt 0:00:17]} Nc6 {[%emt 0:00:05]} 7. d4 {[%emt 0:00:05]} e6 {[%emt 0:00:05]} 8. g4 {[%emt 0:00:05]} Bg6 {[%emt 0:00:27]} 9. Ne5 {[%emt 0:00:12]} Rc8 {[%emt 0:00:34]} 10. h4 {[%emt 0:00:38]} f6 {[%emt 0:00:27]} 11. Nxg6 {[%emt 0:01:22]} hxg6 {[%emt 0:00:27]} 12. Qd3 {[%emt 0:00:45]} Kf7 {[%emt 0:00:05]} 13. Bxc6 {[%emt 0:00:05]} Rxc6 {[%emt 0:00:05]} 14. h5 {[%emt 0:00:05]} gxh5 {[%emt 0:00:07]} 15. Rxh5 {[%emt 0:00:33]} Rxh5 {[%emt 0:00:05]} 16. gxh5 {[%emt 0:00:00]} Bb4 {[%emt 0:00:13]} 17. Bd2 {[%emt 0:00:20]} Ne7 {[%emt 0:00:11]} 18. a3 {[%emt 0:00:21]} Bxc3 {[%emt 0:00:13]} 19. Bxc3 {[%emt 0:00:10]} Nf5 {[%emt 0:00:51]} 20. O-O-O {[%emt 0:00:32]} Qc7 {[%emt 0:00:03]} 21. Kb1 {[%emt 0:01:43]} Qf4 {[%emt 0:01:17]} 22. Qe2 {[%emt 0:02:15]} Rc7 {[%emt 0:00:41]} 23. f3 {[%emt 0:00:05]} Nd6 {[%emt 0:00:05]} 24. Qf2 {[%emt 0:00:05]} Nc4 {[%emt 0:00:05]} 25. Qg2 {[%emt 0:00:05]} Qh6 {[%emt 0:00:05]} 26. Rg1 {[%emt 0:00:05]} Nxa3+ {[%emt 0:00:05]} 27. bxa3 {[%emt 0:00:05]} Rxc3 {[%emt 0:00:05]} 28. Kb2 {[%emt 0:00:05]} Rc4 {[%emt 0:00:05]} 29. f4 {[%emt 0:00:05]} Rxd4 {[%emt 0:00:05]} 30. f5 {[%emt 0:00:05]} exf5 {[%emt 0:02:18]} 31. Qg3 {[%emt 0:01:51]} f4 {[%emt 0:00:05]} 32. Qg4 {[%emt 0:00:05]} Kg8 {[%emt 0:01:22]} 33. Qe6+ {[%emt 0:00:03]} Kh7 {[%emt 0:00:05]} 34. Qf5+ {[%emt 0:00:04]} Kg8 {[%emt 0:00:20]} 35. Rg6 {[%emt 0:00:05]} Qh7 {[%emt 0:00:18]} 36. h6 {[%emt 0:00:11]} Kf7 {[%emt 0:00:29]} 37. Rxg7+ {[%emt 0:00:05]} Qxg7 {[%emt 0:00:04]} 38. Qd7+ {[%emt 0:00:06]} Kg6 {[%emt 0:00:05]} 39. Qxg7+ {[%emt 0:00:05]} Kf5 {[%emt 0:00:05]} 40. h7 {[%emt 0:00:05]} f3 {[%emt 0:00:05]} 41. Qh8 {[%emt 0:00:05]} 1-0

[Event "Red Bull Chess Masters 2018"]
[Site "Istanbul"]
[Date "2018.10.20"]
[Round "1.2"]
[White "Sahin, Handenur"]
[Black "Sural, Ceren"]
[Result "1-0"]
[WhiteElo "1998"]
[BlackElo "1662"]
[Annotator "NA RC"]
[PlyCount "97"]
[EventDate "2018.10.19"]
[EventType "team-tourn"]
[EventCountry "TUR"]
[SourceTitle "playchess.com"]
[Source "ChessBase"]
[SourceQuality "1"]
[TimeControl "600+5"]

1. e4 {[%emt 0:00:05]} d5 {[%emt 0:00:05]} 2. exd5 {[%emt 0:00:05]} Qxd5 {[%emt 0:00:05]} 3. d4 {[%emt 0:00:05]} Nf6 {[%emt 0:00:03]} 4. Nf3 {[%emt 0:00:00]} c6 {[%emt 0:00:36]} 5. Be2 {[%emt 0:00:11]} Qd8 {[%emt 0:00:44]} 6. O-O {[%emt 0:00:06]} Bf5 {[%emt 0:00:48]} 7. c4 {[%emt 0:00:19]} e6 {[%emt 0:00:06]} 8. Nc3 {[%emt 0:00:04]} Be7 {[%emt 0:00:14]} 9. h3 {[%emt 0:00:18]} O-O {[%emt 0:00:06]} 10. Bg5 {[%emt 0:00:11]} Nbd7 {[%emt 0:00:07]} 11. Bd3 {[%emt 0:01:00]} Bg6 {[%emt 0:00:50]} 12. Bxg6 {[%emt 0:00:22]} hxg6 {[%emt 0:00:21]} 13. Qd2 {[%emt 0:00:05]} Nb6 {[%emt 0:00:41]} 14. Ne5 {[%emt 0:00:12]} Nfd7 {[%emt 0:01:02]} 15. Bxe7 {[%emt 0:00:19]} Qxe7 {[%emt 0:00:05]} 16. Nxd7 {[%emt 0:00:05]} Qxd7 {[%emt 0:00:06]} 17. b3 {[%emt 0:00:33]} e5 {[%emt 0:00:28]} 18. Rad1 {[%emt 0:00:09]} Rad8 {[%emt 0:00:03]} 19. c5 {[%emt 0:01:34]} Nc8 {[%emt 0:00:51]} 20. d5 {[%emt 0:00:12]} cxd5 {[%emt 0:00:12]} 21. Qxd5 {[%emt 0:00:29]} Qc7 {[%emt 0:00:59]} 22. Qc4 {[%emt 0:00:07]} Ne7 {[%emt 0:02:20]} 23. Nb5 {[%emt 0:00:35]} Qb8 {[%emt 0:00:01]} 24. Rxd8 {[%emt 0:00:43]} Rxd8 {[%emt 0:00:10]} 25. Nd6 {[%emt 0:00:05]} Rf8 {[%emt 0:00:05]} 26. Rd1 {[%emt 0:00:05]} Nc6 {[%emt 0:00:03]} 27. Qb5 {[%emt 0:00:26]} Nd8 {[%emt 0:00:20]} 28. Qd7 {[%emt 0:00:05]} Ne6 {[%emt 0:00:14]} 29. b4 {[%emt 0:00:50]} b6 {[%emt 0:00:29]} 30. c6 {[%emt 0:00:35]} Nc7 {[%emt 0:00:01]} 31. b5 {[%emt 0:00:20]} Qd8 {[%emt 0:00:04]} 32. Nxf7 {[%emt 0:00:22]} Qf6 {[%emt 0:00:14]} 33. Qxc7 {[%emt 0:00:05]} Rxf7 {[%emt 0:00:05]} 34. Qd8+ {[%emt 0:00:05]} Qxd8 {[%emt 0:00:05]} 35. Rxd8+ {[%emt 0:00:11]} Kh7 {[%emt 0:00:04]} 36. Rd7 {[%emt 0:00:05]} Rf8 {[%emt 0:00:05]} 37. Rxa7 {[%emt 0:00:01]} Rc8 {[%emt 0:00:09]} 38. Rb7 {[%emt 0:00:05]} e4 {[%emt 0:00:05]} 39. Rxb6 {[%emt 0:00:05]} Kg8 {[%emt 0:00:00]} 40. Rb7 {[%emt 0:00:08]} Kf8 {[%emt 0:00:02]} 41. c7 {[%emt 0:00:05]} Ke7 {[%emt 0:00:01]} 42. b6 {[%emt 0:00:00]} Kd7 {[%emt 0:00:05]} 43. Rb8 {[%emt 0:00:02]} g5 {[%emt 0:00:03]} 44. a4 {[%emt 0:00:05]} g6 {[%emt 0:00:02]} 45. a5 {[%emt 0:00:11]} g4 {[%emt 0:00:05]} 46. hxg4 {[%emt 0:00:05]} g5 {[%emt 0:00:04]} 47. a6 {[%emt 0:00:00]} e3 {[%emt 0:00:05]} 48. fxe3 {[%emt 0:00:05]} Kc6 {[%emt 0:00:05]} 49. Rxc8 {[%emt 0:00:02]} 1-0

[Event "Red Bull Chess Masters 2018"]
[Site "Istanbul"]
[Date "2018.10.20"]
[Round "1.2"]
[White "Degirmenci, Yagiz"]
[Black "Gokerkan, Cem Kaan"]
[Result "0-1"]
[WhiteElo "1881"]
[BlackElo "2420"]
[Annotator "TA"]
[PlyCount "38"]
[EventDate "2018.10.19"]
[EventType "team-tourn"]
[EventCountry "TUR"]
[SourceTitle "playchess.com"]
[Source "ChessBase"]
[SourceQuality "1"]

{[%evp 16,38,-3,-31,-31,-81,-93,-89,-98,-91,-56,-57,-50,-54,-54,-78,-67,-154,-148,-223,-177,-445,-437,-833,-842]} 1. d4 g6 2. Nf3 Bg7 3. b3 c5 4. e3 cxd4 5. exd4 Nf6 6. Bb2 O-O 7. Bd3 d5 {[%cal Bd7d5,Bd5e4][%mdl 32]} 8. O-O Nc6 9. a3 Ne4 {D04: Colle System} 10. Bxe4 $146 ({Predecessor:} 10. Nbd2 Bf5 11. Re1 Nd6 12. Nf1 Bg4 13. Be2 Qb6 14. Ne5 Bxe2 15. Rxe2 Rfc8 16. Nxc6 Qxc6 17. Rxe7 Qxc2 {0-1 (50) Cueto,J (2283)-Milos,G (2583) Tromsoe 2014}) 10... dxe4 11. Ne5 Nxe5 {Black is better.} 12. dxe5 Qxd1 13. Rxd1 Bg4 14. Re1 $1 Rac8 $36 {[%mdl 2048] Black has the initiative.} 15. c4 $1 Rfd8 16. h3 (16. Nc3 $15) 16... Bd1 $17 17. Re3 (17. b4 $17 {is a better defense.}) 17... Bh6 18. Rc3 $2 (18. Rxe4 {keeps fighting.} Bxb3 19. Nc3) 18... Bf4 $19 19. Ra2 {[#]} (19. e6 $142) 19... Bxb3 $1 {[%mdl 512] Precision: White = 11%, Black = 76%.} 0-1

[Event "Red Bull Chess Masters 2018"]
[Site "Istanbul"]
[Date "2018.10.20"]
[Round "1.2"]
[White "Celikel, Fatih"]
[Black "Eren, Cuneyt"]
[Result "1-0"]
[WhiteElo "1856"]
[BlackElo "2084"]
[Annotator "NA RC"]
[PlyCount "65"]
[EventDate "2018.10.19"]
[EventType "team-tourn"]
[EventCountry "TUR"]
[SourceTitle "playchess.com"]
[Source "ChessBase"]
[SourceQuality "1"]
[TimeControl "600+5"]

1. d4 {[%emt 0:00:05]} d5 {[%emt 0:00:05]} 2. Bf4 {[%emt 0:00:00]} Nf6 {[%emt 0:00:15]} 3. e3 {[%emt 0:00:05]} e6 {[%emt 0:00:05]} 4. Nf3 {[%emt 0:00:11]} Bd6 {[%emt 0:00:13]} 5. Bg3 {[%emt 0:00:05]} Qe7 {[%emt 0:00:05]} 6. Nbd2 {[%emt 0:00:22]} Nbd7 {[%emt 0:00:25]} 7. Ne5 {[%emt 0:00:37]} c5 {[%emt 0:01:06]} 8. c3 {[%emt 0:00:36]} c4 {[%emt 0:00:16]} 9. Be2 {[%emt 0:01:54]} O-O {[%emt 0:00:05]} 10. O-O {[%emt 0:01:07]} Ne8 {[%emt 0:01:19]} 11. b3 {[%emt 0:00:21]} Bxe5 {[%emt 0:01:38]} 12. dxe5 {[%emt 0:00:04]} b5 {[%emt 0:00:17]} 13. Qc2 {[%emt 0:01:52]} Bb7 {[%emt 0:00:32]} 14. a4 {[%emt 0:00:16]} a6 {[%emt 0:00:56]} 15. axb5 {[%emt 0:00:18]} axb5 {[%emt 0:00:00]} 16. Rxa8 {[%emt 0:00:17]} Bxa8 {[%emt 0:00:05]} 17. Ra1 {[%emt 0:00:08]} Nc7 {[%emt 0:01:40]} 18. Nf3 {[%emt 0:00:48]} Nc5 {[%emt 0:00:43]} 19. b4 {[%emt 0:00:31]} Na4 {[%emt 0:00:33]} 20. Bh4 {[%emt 0:00:21]} Qd7 {[%emt 0:00:57]} 21. Nd4 {[%emt 0:00:32]} Bb7 {[%emt 0:00:13]} 22. f4 {[%emt 0:00:24]} Ne8 {[%emt 0:00:14]} 23. Bg4 {[%emt 0:00:21]} g6 {[%emt 0:00:05]} 24. Bg5 {[%emt 0:00:05]} Ng7 {[%emt 0:00:04]} 25. h4 {[%emt 0:00:05]} Ra8 {[%emt 0:00:05]} 26. Rc1 {[%emt 0:00:17]} Nb6 {[%emt 0:00:07]} 27. Qe2 {[%emt 0:00:05]} Ra3 {[%emt 0:00:05]} 28. h5 {[%emt 0:00:05]} Na4 {[%emt 0:00:00]} 29. hxg6 {[%emt 0:00:11]} hxg6 {[%emt 0:00:01]} 30. Qe1 {[%emt 0:00:02]} Ra2 {[%emt 0:00:11]} 31. Bf6 {[%emt 0:00:05]} Nb2 {[%emt 0:00:03]} 32. Qh4 {[%emt 0:00:04]} Nd3 {[%emt 0:00:09]} 33. Qh6 {[%emt 0:00:17]} 1-0

[Event "Red Bull Chess Masters 2018"]
[Site "Istanbul"]
[Date "2018.10.20"]
[Round "1.2"]
[White "Incecik, Seyma Zeynep"]
[Black "Eraslan, Ecem"]
[Result "1/2-1/2"]
[WhiteElo "1796"]
[BlackElo "1290"]
[Annotator "NA RC"]
[PlyCount "85"]
[EventDate "2018.10.19"]
[EventType "team-tourn"]
[EventCountry "TUR"]
[SourceTitle "playchess.com"]
[Source "ChessBase"]
[SourceQuality "1"]
[TimeControl "600+5"]

1. b3 {[%emt 0:00:05]} d5 {[%emt 0:00:05]} 2. Bb2 {[%emt 0:00:05]} c5 {[%emt 0:00:05]} 3. e3 {[%emt 0:00:05]} Nf6 {[%emt 0:00:05]} 4. Nf3 {[%emt 0:00:00]} Bf5 {[%emt 0:00:07]} 5. Bb5+ {[%emt 0:00:07]} Bd7 {[%emt 0:01:12]} 6. Be2 {[%emt 0:00:05]} Nc6 {[%emt 0:00:05]} 7. O-O {[%emt 0:00:01]} e6 {[%emt 0:00:40]} 8. d4 {[%emt 0:00:05]} cxd4 {[%emt 0:00:05]} 9. Nxd4 {[%emt 0:00:05]} Be7 {[%emt 0:00:05]} 10. c4 {[%emt 0:00:12]} dxc4 {[%emt 0:01:47]} 11. Bxc4 {[%emt 0:00:06]} Nxd4 {[%emt 0:00:36]} 12. Qxd4 {[%emt 0:00:28]} Bc6 {[%emt 0:00:09]} 13. Qh4 {[%emt 0:00:52]} O-O {[%emt 0:00:26]} 14. Nc3 {[%emt 0:00:29]} Ne4 {[%emt 0:00:50]} 15. Qg4 {[%emt 0:00:11]} Nxc3 {[%emt 0:00:05]} 16. Bxc3 {[%emt 0:00:05]} Bf6 {[%emt 0:00:23]} 17. Rfd1 {[%emt 0:00:40]} Qe7 {[%emt 0:00:34]} 18. Bxf6 {[%emt 0:00:19]} Qxf6 {[%emt 0:00:02]} 19. Rac1 {[%emt 0:00:33]} Rfd8 {[%emt 0:00:07]} 20. h3 {[%emt 0:00:39]} Rxd1+ {[%emt 0:00:05]} 21. Rxd1 {[%emt 0:00:00]} Rd8 {[%emt 0:00:18]} 22. Bd3 {[%emt 0:01:11]} h6 {[%emt 0:00:54]} 23. Qe2 {[%emt 0:01:13]} a6 {[%emt 0:00:36]} 24. Rc1 {[%emt 0:00:19]} Qg5 {[%emt 0:01:12]} 25. f3 {[%emt 0:00:17]} Rd6 {[%emt 0:00:27]} 26. Rd1 {[%emt 0:00:17]} Qe7 {[%emt 0:00:09]} 27. Qd2 {[%emt 0:00:20]} Kf8 {[%emt 0:00:05]} 28. Qb4 {[%emt 0:00:05]} Ke8 {[%emt 0:00:21]} 29. e4 {[%emt 0:00:30]} Qd7 {[%emt 0:00:13]} 30. Qc3 {[%emt 0:00:55]} Bb5 {[%emt 0:00:15]} 31. Qxg7 {[%emt 0:00:12]} Rxd3 {[%emt 0:00:07]} 32. Qh8+ {[%emt 0:00:19]} Ke7 {[%emt 0:00:05]} 33. Rxd3 {[%emt 0:00:08]} Qxd3 {[%emt 0:00:05]} 34. Qxh6 {[%emt 0:00:05]} Qd4+ {[%emt 0:00:05]} 35. Kh1 {[%emt 0:00:17]} Qa1+ {[%emt 0:00:15]} 36. Kh2 {[%emt 0:00:05]} Qe5+ {[%emt 0:00:05]} 37. Kh1 {[%emt 0:00:00]} Qg3 {[%emt 0:00:05]} 38. Qc1 {[%emt 0:00:14]} Qd6 {[%emt 0:00:11]} 39. Qg5+ {[%emt 0:00:05]} Kf8 {[%emt 0:00:05]} 40. Qh6+ {[%emt 0:00:05]} Ke8 {[%emt 0:00:00]} 41. Qh8+ {[%emt 0:00:04]} Ke7 {[%emt 0:00:01]} 42. Qh4+ {[%emt 0:00:05]} Ke8 {[%emt 0:00:05]} 43. Qh8+ {[%emt 0:00:00]} 1/2-1/2

[Event "Red Bull Chess Masters 2018"]
[Site "Istanbul"]
[Date "2018.10.20"]
[Round "1.2"]
[White "Yarar, Muammer Atakan"]
[Black "Yeke, Serkan"]
[Result "0-1"]
[WhiteElo "1784"]
[BlackElo "2117"]
[Annotator "NA RC"]
[PlyCount "122"]
[EventDate "2018.10.19"]
[EventType "team-tourn"]
[EventCountry "TUR"]
[SourceTitle "playchess.com"]
[Source "ChessBase"]
[SourceQuality "1"]
[TimeControl "600+5"]

1. d4 {[%emt 0:00:05]} f5 {[%emt 0:00:05]} 2. Nf3 {[%emt 0:00:00]} Nf6 {[%emt 0:00:18]} 3. g3 {[%emt 0:00:03]} e6 {[%emt 0:00:05]} 4. Bg2 {[%emt 0:00:05]} d5 {[%emt 0:00:05]} 5. O-O {[%emt 0:00:05]} Bd6 {[%emt 0:00:05]} 6. e3 {[%emt 0:00:00]} O-O {[%emt 0:00:08]} 7. b3 {[%emt 0:00:02]} Qe7 {[%emt 0:00:05]} 8. c4 {[%emt 0:00:05]} c6 {[%emt 0:00:05]} 9. Bb2 {[%emt 0:00:05]} b6 {[%emt 0:00:05]} 10. Nc3 {[%emt 0:00:05]} Bb7 {[%emt 0:00:33]} 11. Nd2 {[%emt 0:00:00]} Nbd7 {[%emt 0:00:25]} 12. Rc1 {[%emt 0:00:04]} Ne4 {[%emt 0:00:05]} 13. f3 {[%emt 0:00:02]} Nxc3 {[%emt 0:00:00]} 14. Bxc3 {[%emt 0:00:05]} e5 $15 {[%emt 0:01:37]} 15. Re1 {[%emt 0:00:39]} e4 {[%emt 0:00:23]} 16. f4 {[%emt 0:00:26]} a5 {[%emt 0:00:25]} 17. Bf1 {[%emt 0:00:52]} Nf6 {[%emt 0:00:32]} 18. Be2 {[%emt 0:00:19]} Ba3 {[%emt 0:01:10]} 19. Rb1 {[%emt 0:00:05]} Rfc8 {[%emt 0:00:11]} 20. Qc2 {[%emt 0:00:33]} b5 {[%emt 0:00:05]} 21. c5 {[%emt 0:00:32]} Bb4 {[%emt 0:00:01]} 22. a4 {[%emt 0:01:46]} Bxc3 {[%emt 0:00:13]} 23. Qxc3 {[%emt 0:00:05]} b4 {[%emt 0:00:05]} 24. Qc2 {[%emt 0:00:05]} Kh8 {[%emt 0:00:05]} 25. Kh1 {[%emt 0:00:05]} Rg8 {[%emt 0:00:00]} 26. Rf1 {[%emt 0:00:17]} Bc8 {[%emt 0:00:00]} 27. Rg1 {[%emt 0:02:02]} g5 {[%emt 0:00:17]} 28. fxg5 {[%emt 0:00:11]} Rxg5 {[%emt 0:00:05]} 29. Rbf1 {[%emt 0:00:09]} Be6 {[%emt 0:00:00]} 30. Rf4 {[%emt 0:00:27]} Rag8 {[%emt 0:00:07]} 31. Qd1 {[%emt 0:00:12]} Qg7 {[%emt 0:00:27]} 32. Nf1 {[%emt 0:00:25]} Qh6 {[%emt 0:00:38]} 33. Qe1 {[%emt 0:00:32]} Nh5 {[%emt 0:01:58]} 34. Bxh5 {[%emt 0:01:34]} Qxh5 {[%emt 0:00:28]} 35. Qf2 {[%emt 0:00:14]} Qd1 {[%emt 0:01:13]} 36. Nd2 {[%emt 0:00:19]} Qc2 {[%emt 0:00:03]} 37. Rg2 {[%emt 0:00:24]} Qd3 {[%emt 0:00:05]} 38. Rh4 {[%emt 0:00:05]} Rg4 {[%emt 0:00:34]} 39. Rxg4 {[%emt 0:00:06]} Rxg4 {[%emt 0:00:05]} 40. h3 {[%emt 0:00:00]} Rg7 {[%emt 0:00:11]} 41. Qf4 {[%emt 0:00:02]} Qa6 {[%emt 0:00:11]} 42. Qe5 {[%emt 0:00:05]} Bd7 {[%emt 0:00:06]} 43. Kh2 {[%emt 0:00:09]} Kg8 {[%emt 0:00:01]} 44. Rf2 {[%emt 0:00:06]} Qc8 {[%emt 0:00:05]} 45. Nf1 {[%emt 0:00:05]} Qd8 {[%emt 0:00:02]} 46. Qd6 {[%emt 0:00:01]} Rg6 {[%emt 0:00:06]} 47. Qe5 {[%emt 0:00:08]} Rg7 {[%emt 0:00:05]} 48. Rf4 {[%emt 0:00:00]} h6 {[%emt 0:00:15]} 49. Qd6 {[%emt 0:00:03]} Qg5 {[%emt 0:00:05]} 50. Qb8+ {[%emt 0:00:09]} Kh7 {[%emt 0:00:01]} 51. Qe5 {[%emt 0:00:10]} Qh5 {[%emt 0:00:01]} 52. Kg2 {[%emt 0:00:01]} Qe2+ {[%emt 0:00:15]} 53. Rf2 {[%emt 0:00:01]} Qh5 {[%emt 0:00:05]} 54. Qf4 {[%emt 0:00:04]} Qd1 {[%emt 0:00:03]} 55. Nd2 {[%emt 0:00:02]} Qe1 {[%emt 0:00:05]} 56. Qc7 {[%emt 0:00:11]} Qxe3 {[%emt 0:00:05]} 57. Qxa5 {[%emt 0:00:06]} Qxg3+ {[%emt 0:00:08]} 58. Kf1 {[%emt 0:00:04]} Qd3+ {[%emt 0:00:01]} 59. Re2 {[%emt 0:00:12]} f4 {[%emt 0:00:01]} 60. Ke1 {[%emt 0:00:03]} e3 {[%emt 0:00:04]} 61. Nf1 {[%emt 0:00:02]} Qb1# {[%emt 0:00:10]} 0-1

[Event "Red Bull Chess Masters 2018"]
[Site "Istanbul"]
[Date "2018.10.20"]
[Round "1.2"]
[White "Sahin, Hayrun Nisa"]
[Black "Tofan, Zeynep"]
[Result "1-0"]
[WhiteElo "1708"]
[BlackElo "1058"]
[Annotator "NA RC"]
[PlyCount "61"]
[EventDate "2018.10.19"]
[EventType "team-tourn"]
[EventCountry "TUR"]
[SourceTitle "playchess.com"]
[Source "ChessBase"]
[SourceQuality "1"]
[TimeControl "600+5"]

1. e4 {[%emt 0:00:05]} e5 {[%emt 0:00:05]} 2. Nf3 {[%emt 0:00:05]} Nc6 {[%emt 0:00:05]} 3. Nc3 {[%emt 0:00:05]} Bb4 {[%emt 0:00:05]} 4. Bb5 {[%emt 0:00:00]} d6 {[%emt 0:00:34]} 5. O-O {[%emt 0:00:00]} Bd7 {[%emt 0:00:05]} 6. d3 {[%emt 0:00:05]} Nf6 {[%emt 0:00:05]} 7. Bg5 {[%emt 0:00:16]} Bxc3 {[%emt 0:00:19]} 8. bxc3 {[%emt 0:00:05]} h6 {[%emt 0:00:04]} 9. Bxf6 {[%emt 0:00:28]} Qxf6 {[%emt 0:00:09]} 10. Bxc6 {[%emt 0:00:04]} Bxc6 {[%emt 0:00:05]} 11. Re1 {[%emt 0:00:05]} O-O {[%emt 0:00:05]} 12. d4 {[%emt 0:00:05]} exd4 {[%emt 0:00:05]} 13. cxd4 {[%emt 0:00:05]} Rfe8 {[%emt 0:00:47]} 14. Qd3 {[%emt 0:02:29]} Rad8 {[%emt 0:01:34]} 15. Rab1 {[%emt 0:00:23]} b6 {[%emt 0:00:27]} 16. Re3 {[%emt 0:01:28]} a5 {[%emt 0:04:22]} 17. Rbe1 {[%emt 0:00:10]} Bb7 {[%emt 0:01:19]} 18. c3 {[%emt 0:03:17]} c5 {[%emt 0:00:26]} 19. d5 {[%emt 0:00:14]} Rd7 {[%emt 0:00:42]} 20. Qe2 {[%emt 0:00:47]} Qd8 {[%emt 0:00:09]} 21. c4 {[%emt 0:00:18]} Rde7 {[%emt 0:00:05]} 22. e5 {[%emt 0:00:05]} dxe5 {[%emt 0:00:01]} 23. Nxe5 {[%emt 0:00:01]} Qd6 {[%emt 0:00:08]} 24. Qb2 {[%emt 0:00:45]} f6 {[%emt 0:00:05]} 25. Ng4 {[%emt 0:00:05]} Rxe3 {[%emt 0:00:05]} 26. Rxe3 {[%emt 0:00:05]} Rxe3 {[%emt 0:00:05]} 27. Nxe3 {[%emt 0:00:05]} Bc8 {[%emt 0:00:05]} 28. Qb1 {[%emt 0:00:05]} Bd7 {[%emt 0:00:05]} 29. Qe4 {[%emt 0:00:03]} Qc7 {[%emt 0:00:06]} 30. Qe7 {[%emt 0:00:06]} Kh8 {[%emt 0:00:05]} 31. Nf5 {[%emt 0:00:12]} 1-0

[Event "Red Bull Chess Masters 2018"]
[Site "Istanbul"]
[Date "2018.10.20"]
[Round "1.3"]
[White "Sevgi, Volkan"]
[Black "Aydincelebi, Kagan"]
[Result "1-0"]
[WhiteElo "2296"]
[BlackElo "2193"]
[Annotator "TA"]
[PlyCount "126"]
[EventDate "2018.10.19"]
[EventType "team-tourn"]
[EventCountry "TUR"]
[SourceTitle "playchess.com"]
[Source "ChessBase"]
[SourceQuality "1"]

{[%evp 14,126,45,40,41,47,58,55,49,0,1,-16,-6,0,24,20,29,-20,-21,-22,52,58,50,0,44,45,48,21,42,24,20,25,39,34,50,12,23,11,21,-8,-5,-5,0,-1,0,-43,0,0,13,0,29,37,31,16,21,0,0,0,66,0,0,-2,0,-11,-1,-92,312,312,312,303,394,389,397,387,422,209,202,191,189,187,178,75,70,34,193,200,198,108,942,876,795,799,989,913,12841,1230,1026,968,5431,827,29982,29984,29984,29985,29985,29986,29983,29984,29984,29985,29985,29985,29994,12850,29994]} 1. e4 c5 2. Nc3 g6 3. g3 Bg7 4. Bg2 Nc6 5. d3 d6 6. Be3 e6 7. Qd2 Nge7 8. Bh6 Bf6 {B26: Closed Sicilian: 3 g3, lines with early Be3} (8... Bxh6 9. Qxh6 Nd4 10. Qd2 e5 11. h4 f6 12. Nd5 Nxd5 13. exd5 O-O 14. c3 Nf5 15. Ne2 b6 16. O-O-O Bb7 17. f4 Ne7 18. h5 g5 19. fxg5 fxg5 20. Qxg5+ {½-½ (27) Popovic,D (2531)-Draskovic,L (2444) Sibenik 2016}) 9. Nge2 b6 10. O-O $146 ({Predecessor:} 10. Bg5 Bxg5 11. Qxg5 O-O 12. h4 Kg7 13. h5 h6 14. Qe3 g5 15. d4 e5 16. dxe5 dxe5 {0-1 (37) Blatny,F-Arlamowski,E Prague 1955}) 10... Bb7 {White is slightly better.} 11. Be3 O-O 12. f4 Bg7 13. d4 a6 14. Rad1 Qc7 15. dxc5 dxc5 16. Qd7 Rac8 (16... Qb8 $1 $11 17. Qd3 Rd8) 17. Qxc7 $14 Rxc7 18. Na4 Nc8 (18... Nd4 $5 {[%cal Rd4e2]} 19. Nxd4 cxd4 20. Bxd4 Bxd4+ 21. Rxd4 Rxc2 $11) 19. e5 Nb4 20. Bxb7 Rxb7 21. c3 Nd5 22. Bf2 f6 23. c4 Nb4 24. a3 Nc6 {[%cal Bb4c6,Bc6a5,Ba5c4][%mdl 32]} 25. exf6 Bxf6 26. Nac3 Na5 27. b4 cxb4 28. axb4 Nxc4 29. Nd4 Kf7 30. Ne4 Be7 31. Nc6 Rc7 32. Nxe7 Kxe7 33. Rfe1 h6 34. Nc3 Kf7 35. Ne2 N8d6 {[#]} ({Black should try} 35... Re8 $11) 36. Nd4 (36. Bxb6 $1 $14 {[%mdl 512]} Rd7 (36... Nxb6 37. Rxd6) 37. Bc5) 36... Re8 $11 37. Nf3 $36 {[%mdl 2048] White is more active.} Nf5 38. g4 Ne7 39. Rd4 {[#]} (39. Rc1 $11 {keeps the balance.} b5 40. Ne5+ Nxe5 41. Rxc7 Nf3+ 42. Kg2 Nxe1+ 43. Bxe1) 39... Nd5 $2 {[%mdl 8192] [#]} (39... b5 $1 $17 {And now ...Nc6 would win.} 40. g5 h5) 40. Rxc4 $1 $18 {[%mdl 512]} Rxc4 41. Ne5+ Kf6 42. Nxc4 Nxf4 43. Bd4+ Kg5 44. Nd6 (44. Ne5 $142) 44... Rf8 45. Ne4+ Kxg4 46. Nf2+ Kg5 47. Re5+ (47. Bxb6 $18 {Strongly threatening Be3.} Kf5 48. Bc7) 47... Rf5 $16 48. Re4 {aiming for Be3.} h5 $2 (48... Rb5 $1 $14) 49. Be3 $18 e5 50. Nd3 ({White should play} 50. Bxb6 $18 Kf6 51. Re1) 50... Kg4 $2 {[%mdl 8192]} (50... Kf6 $16) 51. Nxe5+ Kg5 {[#]} 52. h4+ $1 Kf6 (52... Kxh4 53. Nxg6+) 53. Bxf4 a5 54. Bg5+ Ke6 55. Nxg6+ Kd5 56. Re1 axb4 57. Ne7+ Kc4 58. Nxf5 b3 59. Ne3+ Kc3 60. Nd5+ Kc4 61. Nxb6+ Kb4 62. Nd5+ Ka3 63. Re3 (63. Ra1+ $142 Kb2 64. Bf6+ Kc2 65. Ne3+ Kd2 66. Kf2 Kd3 67. Rd1+ Ke4 68. Rd4#) 63... Ka2 {Precision: White = 34%, Black = 32%.} 1-0